Online
Catalog

The Private side of American history : (Record no. 4037)

MARC details
000 -CABECERA
campo de control de longitud fija 01088cam a2200301 a 4500
001 - NÚMERO DE CONTROL
campo de control 000004223
005 - FECHA Y HORA DE LA ÚLTIMA TRANSACCIÓN
campo de control 20200929151420.0
008 - DATOS DE LONGITUD FIJA--INFORMACIÓN GENERAL
campo de control de longitud fija 860314s1987 nyua b 000 0 eng
020 ## - NÚMERO INTERNACIONAL ESTÁNDAR DEL LIBRO
ISBN cancelado o inválido 015571966X (v. 1)
020 ## - NÚMERO INTERNACIONAL ESTÁNDAR DEL LIBRO
ISBN cancelado o inválido 015571967X (v. 2)
035 ## - NÚMERO DE CONTROL DEL SISTEMA
Número de control de sistema (DLC) 86080747
040 ## - FUENTE DE LA CATALOGACIÓN
Centro catalogador/agencia de origen DO-SdBNP
Lengua de catalogación spa
Centro/agencia transcriptor BNPHU
Centro/agencia modificador DLC
082 ## - NÚMERO DE LA CLASIFICACIÓN DECIMAL DEWEY
Número de clasificación 973
Número de documento/Ítem P961s, 1987
049 ## - FONDOS LOCALES (OCLC)
Fondos de biblioteca BNGR
245 04 - MENCIÓN DE TÍTULO
Título The Private side of American history :
Resto del título readings in everyday life /
Mención de responsabilidad, etc. editores Gary B. Nash, y Cynthia J. Shelton.
250 ## - MENCIÓN DE EDICIÓN
Mención de edición 4a ed.
260 ## - PUBLICACIÓN, DISTRIBUCIÓN, ETC.
Lugar de publicación, distribución, etc. New York :
Nombre del editor, distribuidor, etc. Harcourt Brace Jovanovich,
Fecha de publicación, distribución, etc. 1987.
300 ## - DESCRIPCIÓN FÍSICA
Extensión 2 v. :
Otras características físicas il. ;
Dimensiones 24 cm.
504 ## - NOTA DE BIBLIOGRAFÍA, ETC.
Nota de bibliografía, etc. Incluye bibliografía.
505 0# - NOTA DE CONTENIDO CON FORMATO
Información miscelánea Vol. 1.
Mención de responsabilidad editado por Gary B. Nash,
Título To 1877 . --
505 0# - NOTA DE CONTENIDO CON FORMATO
Información miscelánea Vol. 2.
Mención de responsabilidad editado por Thomas R. Frazier. --
Título Since 1865.
650 #4 - PUNTO DE ACCESO ADICIONAL DE MATERIA--TÉRMINO DE MATERIA
Término de materia o nombre geográfico como elemento de entrada Estados unidos
Subdivisión general Historia
9 (RLIN) 2818
651 #4 - PUNTO DE ACCESO ADICIONAL DE MATERIA--NOMBRE GEOGRÁFICO
Nombre geográfico Estados Unidos
Subdivisión general Condiciones Sociales
9 (RLIN) 12474
651 #4 - PUNTO DE ACCESO ADICIONAL DE MATERIA--NOMBRE GEOGRÁFICO
Nombre geográfico Estados Unidos
Subdivisión general Vida Social Y Costumbres
9 (RLIN) 12475
700 1# - PUNTO DE ACCESO ADICIONAL--NOMBRE DE PERSONA
Nombre de persona Nash, Gary B.,
Término indicativo de función/relación ed.
9 (RLIN) 12476
700 1# - PUNTO DE ACCESO ADICIONAL--NOMBRE DE PERSONA
Nombre de persona Frazier, Thomas R.,
Término indicativo de función/relación ed.
9 (RLIN) 12477
910 ## - DATOS DE OPCIÓN DEL USUARIO (OCLC)
Datos de opción del usuario Catalogación por copia / LC
Holdings
Estado de retiro Estado de pérdida Restricciones de uso No para préstamo Código de colección Localización permanente Ubicación/localización actual Ubicación en estantería Fecha de adquisición Número de inventario Total de préstamos Signatura topográfica completa Código de barras Fecha visto por última vez Precio válido a partir de Tipo de ítem Koha
    Préstamo interno   Monografías: Libros y Folletos General General En catalogación 20.07.2009 LF1   v.1 4223-10 25.06.2020 25.06.2020 Préstamo interno
    Préstamo interno   Monografías: Libros y Folletos General General En catalogación 20.07.2009 LF1   v.2 4223-20 25.06.2020 25.06.2020 Préstamo interno

Powered by Koha